00769nam a22001577a 450000500170000000800410001702000150005805000250007324502490009825000120034726000940035930000240045365000370047771000510051471000460056520200131170618.0200131b xxu||||| |||| 00| 0 spa d a082704742804aKDZ574.A35bD63 200510aDocumentos básicos en materia de derechos humanos en el sistema interamericanob: (actualizado a enero 2005) cOrganización de los Estados Americanos, Comisión Interamericana de Derechos Humanos, Corte Interamericana de Derechos Humanos.  a1a ed.  aWashington, D.C. :bSecretaría General, Organización de los Estados Americanos,c2005 av, 261 p. ;c26 cm. 72lembaDerechos humanos zAmerica2 aComisión Interamericana de Derechos Humanos.2 aCorte Interamericana de Derechos Humanos.